Vida del muy magnífico señor don Cristóbal Colón /

Salvador de Madariaga (1886-1978), diplomático y escritor español nacido en La Coruña. Se graduó como ingeniero, profesión que abandonó para dedicarse al mundo de las letras, donde cultivó diversos géneros, desde el periodismo hasta los ensayos, pasando por la narrativa y la poesía. Como diplomático...

Täydet tiedot

Tallennettuna:
Bibliografiset tiedot
Päätekijä: Madariaga, Salvador de (autor)
Aineistotyyppi: Kirja
Kieli:espanja
Julkaistu: Buenos Aires, Argentina : Editorial Sudamericana, 1942, c1942
Painos:2a edición
Aiheet:
Tagit: Lisää tagi
Ei tageja, Lisää ensimmäinen tagi!

MARC

LEADER 00000nam^a2200000^a^4500
001 000101331
005 20250521000000.0
009 20260526122028.934
037 |a Acervo ITESO - Biblioteca 
041 |a ESP 
082 |a 980. 013  |b MAD 
100 |a Madariaga, Salvador de  |e (autor) 
245 1 0 |a Vida del muy magnífico señor don Cristóbal Colón /  |c S. de Madariaga. 
250 |a 2a edición 
264 4 |a Buenos Aires, Argentina :  |b Editorial Sudamericana,  |c 1942, c1942 
300 |a 657, [3] p. 
336 |a texto  |b txt  |2 rdacontenido 
337 |a sin mediación  |b n  |2 rdamedio 
338 |a volumen  |b nc  |2 rdasoporte 
520 |a Salvador de Madariaga (1886-1978), diplomático y escritor español nacido en La Coruña. Se graduó como ingeniero, profesión que abandonó para dedicarse al mundo de las letras, donde cultivó diversos géneros, desde el periodismo hasta los ensayos, pasando por la narrativa y la poesía. Como diplomático, fue embajador de su país en Washington y París, además de haber ocupado diversos cargos en la Sociedad de Naciones. En 1936 fue elegido miembro de la Real Academia Española, pero debido a su exilio no pudo tomar posesión sino hasta después de la muerte de Franco. En 1973 obtuvo el Premio Carlomagno. Su pensamiento político liberal y humanista, así como su amplio conocimiento de la cultura española y europea, se ve reflejado en sus obras, entre las que se encuentran Guerra en la sangre, El semental negro, El corazón de piedra verde, Una gota de tiempo, Guía del lector del Quijote, Vida del muy magnífico señor don Cristóbal Colón, Hernán Cortés, Anarquía o jerarquía, y otros. 
520 |a Biografía de Cristóbal Colón, que pretende desentrañar a partir de la documentación de la época la verdad de los hechos históricos, y reconstruir la personalidad extraordinaria del navegante. 
649 |a XX 
650 |a Exploradores y Viajeros Italianos -  |x Biografías 
650 |a Descubrimientos Geográficos -  |z América -  |x Historia 
650 |a Viajes y Travesías -  |z América -  |x Historia 
650 |a Navegación -  |x Historia 
650 |a América -  |x Historia -  |y Descubrimiento y Exploración 
650 |a España -  |x Historia -  |y Fernando e Isabel, 1479-1516 
650 |a Colón, Cristóbal -  |x Tema Principal 
910 |a Fondo Jesús Rodríguez 
920 |a Impresos - Libros 
930 |a Fondos Especiales 
905 |a 113 
901 |a 0500035155  |b IT2  |c ESP  |u 20250521 
902 |a https://opac.biblio.iteso.mx/vufind/Record/000101331